QCM Noms des habitants, Villes du Monde 1 - Statistiques

Statistiques générales
  • Ce quiz a été pris 145 fois
    130 depuis la dernière actualisation
  • Le résultat moyen est 5 sur 10
Statistiques - réponses
Question Réponse % Correct
Tokyo Tokyoïte
100%
Abidjan Abidjanais
70%
Miami Miaméen
70%
Lima Liménien
60%
Port-Moresby Moresbien
50%
Durban Durbanais
40%
Karachi Karachite
40%
Minsk Minskois
40%
Addis-Abeba Addis-Abebien
20%
Sydney Sydneyens
20%
Aucun quiz correspondant
Distribution des résultats
% des personnes avec chaque résultat
Percentile par nombre de réponses
Votre historique - résultats
Vous n’avez pas pris ce quiz depuis la dernière actualisation